Times por Escudo - La Liga 23/24 - Statistics

Estatísticas Gerais
  • Esse quiz foi jogado 265 vezes
  • A pontuação média é 16 de 20
Estatísticas das Respostas
Imagem Resposta % Correto
Barcelona
100%
Real Madrid
98%
Atlético de Madrid
97%
Girona
92%
Real Betis
91%
Real Sociedad
90%
Valencia
89%
Sevilla
85%
Rayo Vallecano
80%
Villarreal
77%
Celta de Vigo
76%
Getafe
75%
Osasuna
74%
Athletic Club
70%
Granada
70%
Alavés
64%
Cadiz
64%
Las Palmas
64%
Almeria
57%
Real Mallorca
51%
Nenhum quiz correspondente encontrado
Distribuição das Pontuações
Porcentagem de Pessoas com Cada Pontuação
Percentil de Números Respondidos
Sua Pontuação Histórica
Você não jogou esse quiz